Física práctica

Kaydedildi:
Detaylı Bibliyografya
Yazar: Squires, G. L (Yazar)
Materyal Türü: Kitap
Dil:İspanyolca
Baskı/Yayın Bilgisi: Cuernavaca McGraw-Hill 1972
Konular:
Etiketler: Etiketle
Etiket eklenmemiş, İlk siz ekleyin!

MARC

LEADER 00000nam a2200000 a 4500
001 UCH1712
003 CL-VaPUC
008 090507e19720000MX |||||||||||||||||spa|d
082 0 4 |a 530  |b SQU  |2 21 
100 0 |a Squires, G. L  |e author  |9 536196 
245 1 0 |a Física práctica 
300 |a 220 p 
942 |c BK 
945 |d 20090507 00:00:00  |a dcastane 
260 |a Cuernavaca  |b McGraw-Hill  |c 1972 
650 7 |a FISICA-PROBLEMAS Y EJERCICIOS  |2 CL-VaPUC  |9 468021 
650 0 |a Mecánica   |9 260096 
650 0 |a Termodinámica   |9 259320 
650 0 |a Propagación de ondas  |9 263256 
650 0 |a Optica   |9 263171 
583 |a last modification  |c 20090507 00:00:00  |k Rodrigo Vera 
999 |c 333627  |d 333625 
952 |0 0  |1 0  |4 0  |6 530_000000000000000_SQU_1972  |7 0  |8 A  |9 422159  |a BIBCUR  |b BIBCUR  |d 2019-11-22  |i 4544072  |l 2  |o 530 SQU 1972  |p 4544072  |r 2025-04-22  |s 2023-10-12  |w 2019-11-22  |y BK  |k FIS 
952 |0 0  |1 0  |4 0  |6 530_000000000000000_SQU_1972  |7 0  |8 A  |9 422160  |a BIBCUR  |b BIBCUR  |d 2019-11-22  |i 4564669  |o 530 SQU 1972  |p 4564669  |r 2025-04-22  |w 2019-11-22  |y BK  |k FIS